000 00302nam a22001337a 4500
008 171016b xxu||||| |||| 00| 0 eng d
020 _a9780077294106
041 _aeng
080 _211TH
_a331.101.262
100 _a52
101 _aBNJ
245 _aCONSUMER BEHAVIOR
_cHAWKINS,D.I
942 _2udc
_cBK
999 _c34267
_d34267